Rozumieme makroekonómii? /
Uložené v:
| Hlavný autor: | |
|---|---|
| Médium: | Kniha |
| Jazyk: | Slovak |
| Vydavateľské údaje: |
Bratislava :
Elita,
1993
|
| Tagy: |
Žiadne tagy, Buďte prvý, kto otaguje tento záznam!
|
MARC
| LEADER | 00000nam a22000003a 4500 | ||
|---|---|---|---|
| 001 | stu27832 | ||
| 005 | 20150617225737.8 | ||
| 008 | 950124s1993----xo------------------slo-d | ||
| 020 | |a 80-85323-48-6 | ||
| 040 | |a STU |b slo | ||
| 041 | 0 | |a slo | |
| 044 | |a xo | ||
| 080 | |a 330.101.541 | ||
| 100 | 1 | |a Husár, Jaroslav |4 aut | |
| 245 | 1 | |a Rozumieme makroekonómii? / |c [aut]Husár,Jaroslav | |
| 260 | |a Bratislava : |b Elita, |c 1993 | ||
| 300 | |a 128 s | ||
| 996 | |b 284V026778 |c V*43055/O-18537 |l VVT |s A |a 24 |w stu27832_0001 | ||